名前に「稲」がつく駅 - Statistics

General Stats
  • This quiz has been taken 152 times
  • The average score is 22 of 39
Answer Stats
Hint Answer % Correct
水戸線 稲田
88%
京王相模原線 稲城
87%
総武本線 稲毛
86%
京葉線 稲毛海岸
84%
上越新幹線 本庄早稲田
81%
南武線 稲田堤
81%
奈良線 稲荷
81%
東京メトロ東西線 早稲田
81%
都電荒川線 早稲田
81%
東京メトロ副都心線 西早稲田
78%
南武線 稲城長沼
76%
函館本線 手稲
74%
京王相模原線 京王稲田堤
73%
東京メトロ銀座線 稲荷町
73%
富山地方鉄道本線富山地方鉄道不二越線 稲荷町
73%
広島電鉄本線 稲荷町
73%
京急空港線 穴守稲荷
69%
名鉄豊川線 豊川稲荷
68%
京成千葉線 京成稲毛
64%
東海道本線 稲沢
62%
伊豆急行線 伊豆稲取
59%
篠ノ井線 稲荷山
58%
京阪本線 伏見稲荷
57%
東海道本線 稲枝
48%
西武池袋線 稲荷山公園
48%
函館本線 稲穂
47%
江ノ島電鉄線 稲村ヶ崎
44%
名鉄豊川線 稲荷口
39%
阪急伊丹線 稲野
38%
函館本線 稲積公園
36%
伊勢鉄道線 鈴鹿サーキット稲生
35%
伊豆急行線 稲梓
33%
あおなみ線 稲永
27%
大糸線 稲尾
25%
紀勢本線 稲原
24%
土佐くろしお鉄道中村線 荷稲
21%
身延線 稲子
20%
石巻線 陸前稲井
19%
関東鉄道常総線 稲戸井
15%
No matching quizzes found
Score Distribution
Percent of People with Each Score
Percentile by Number Answered
Your Score History
You have not taken this quiz